000 00751nam a22003017a 4500
001 BR9901670
003 BR-BrBNA
005 20230928100315.0
007 ta
008 230509b bl.||||| |||| 00| 0 por d
040 _aBR-BrBNA
_bpor
_cBiblioteca Nacional de Agricultura
041 _a(Por)
072 _aQ02
_b9923
090 _ 9923 BR9901670
100 1 _aAlzugaray, D.
100 1 _aAlzugaray, C.(eds.)
245 1 _aComo fazer cerveja
260 3 _aSao Paulo, SP (Brasil):
_bEd. Tres Ltda.,
_c1985.
300 _a58 p.
500 _a86 illus.
650 _aCerveja
650 _aIndustria Alimenticia
650 _aMalte
650 _aLupulo
650 _aFermentacao
909 _a202309
_bLucia
_c55
_dLucia Elande
942 _cBK
999 _c60884
_d60884